| 000 | 00384nam a2200133Ia 4500 | ||
|---|---|---|---|
| 008 | 220217s9999 xx 000 0 und d | ||
| 245 | 0 | _aMethods for sampling of rubber and rubber combination footwear | |
| 260 | _aNew Delhi | ||
| 260 |
_c1971 _bISI |
||
| 490 | _aFootwear Sectional Committee, CDC 40 | ||
| 500 | _aStandard number: IS 6368 | ||
| 650 | _aRubber footwear | ||
| 942 | _cST | ||
| 999 |
_c73886 _d73886 |
||